000 00642nam a22001937a 4500
003 OSt
005 20160317093354.0
008 160317b xxu||||| |||| 00| 0 eng d
010 _a99032135
020 _a0471374873
040 _cN/A
050 _aQM25
_b .T67 2000
100 _aTortora Gerard J.
245 _aA photograph Atlas of the human body:with selected cat,sheep, & cow Dissections
_cGerard J. Tortora
260 _aNew York
_bWiley & Sons
_c2000
300 _av,250p
_bcol.ill
_c28cm
650 _ahuman anatomy atlases,cats dissection,sheep dissection,cows dissection,anatomy atlases,physiolog atlases
_zUSA
942 _2lcc
_cBK
999 _c252992
_d252991